00721nam a2200229Ia 45000010006000000050017000060070003000230080041000260400025000670410007000920820021000991000030001202450055001502500014002052600050002193000027002696530020002966530015003169420012003319520131003439990017004741939820240113235928.0ta060208s1970 a g b000 u be u aCotton College Assam abe a891.443bB 223 N aBandopadhya, Tarasankar . 0a1971 /cTarasankar Bandopadhya.hTextual Documents a1st ed. / aCalcutta :bMitra & Ghosh publishers ,c1970. a178p. :bill ;c22cm . aBengali Fiction aMS-Bengali 2ddccBK 001040708Circulation (MS)aSKBLbSKBLd2012-02-01f00000l0o891.443 B 223 Np63269r2024-01-13 00:00:00t1w2012-02-01yBK c19380d19380